Využitie bezpečnostných protokolov na zabezpečenie prístupu do bezdrôtovej podnikovej siete

Saved in:
Bibliographic Details
Main Author: Greguš, Martin (Author)
Other Authors: Orgoň, Miloš (Thesis advisor)
Format: Manuscript Book
Language:Slovak
Published: Bratislava : STU v Bratislave FEI, 2021
Subjects:
Online Access:https://opac.crzp.sk/?fn=detailBiblioForm&sid=52328540584FDC4D9B8322AB80F2&seo=CRZP-detail-kniha
Tags: Add Tag
No Tags, Be the first to tag this record!

MARC

LEADER 00000ntm a22000003a 4500
001 stuzp82411
003 SK-STU
005 20210831102002.6
007 ta
008 150427s2015----xo-----f-mn---000-0-slo-d
040 |a STU  |b slo 
041 0 |a slo 
044 |a xo 
100 1 |a Greguš, Martin  |u 037000  |4 aut  |U FEI Fakulta elektrotechniky a informatiky  |U FEI Fakulta elektrotechniky a informatiky  |T FEI Ústav multimediálnych informačných a komunikačných technológií  |X 98261  |U E070  |Y 818  |7 98261 
242 0 1 |a Use security protocols to secure access to the wireless corporate network  |y eng 
245 1 0 |a Využitie bezpečnostných protokolov na zabezpečenie prístupu do bezdrôtovej podnikovej siete 
260 |a Bratislava :  |b STU v Bratislave FEI,  |c 2021 
300 |a 57 s. 
650 4 |a Wi-Fi  |2 slo 
650 4 |a Štandardy IEEE 802.11  |2 slo 
650 4 |a WEP  |2 slo 
650 4 |a WPA  |2 slo 
650 4 |a WPA2  |2 slo 
650 4 |a Crackovanie Wi-Fi sietí  |2 slo 
650 4 |a Wi-Fi  |2 eng 
650 4 |a IEEE 802.11 standards  |2 eng 
650 4 |a WEP  |2 eng 
650 4 |a WPA  |2 eng 
650 4 |a WPA2  |2 eng 
650 4 |a Wi-Fi cracking  |2 eng 
700 1 |a Orgoň, Miloš  |u 037000  |k Z1  |4 ths  |U FEI Fakulta elektrotechniky a informatiky  |U FEI Fakulta elektrotechniky a informatiky  |T FEI Ústav multimediálnych informačných a komunikačných technológií  |X 2184  |U E070  |Y 818  |7 A000002184 
856 4 |u https://opac.crzp.sk/?fn=detailBiblioForm&sid=52328540584FDC4D9B8322AB80F2&seo=CRZP-detail-kniha